• 首页
  • 本馆介绍
  • 公告通知
  • 最新文献
  • 馆藏检索
  • 电子资源
  • 读者导购
  • 参考咨询
  • 我的图书馆
  • 登录
  • 详细信息显示
  • 放入我的书架
  • 预约/预借图书
  • 作者相关作品
  • 分类相关作品
  • 丛书相关作品
  • 出版社相关作品

书目信息

  • 表格格式
  • 工作单格式
  • 卡片格式
题名:
2016全国卫生专业技术资格考试指导
    
 
作者: ;全国卫生专业技术资格考试用书编写专家委员会 编写
分册:   口腔医学技术
出版信息: 北京   人民卫生出版社  2015
页数: 392页
开本: 26cm
丛书名:
单 册:
中图分类: R-42 , R78
科图分类:
主题词: 医学--Yi Xue--医药卫生人员--资格考试--自学参考资料 , 口腔科学--Kou Qiang Ke Xue--医药卫生人员--资格考试--自学参考资料
电子资源:
ISBN: 978-7-117-21411-7
000 01711nam 2200289 450
001 1663387119
005 20151017121134.0
010    @a978-7-117-21411-7@dCNY90.00
100    @a20151202d2015 em y0chiy50 ea
101 0  @achi
102    @aCN@b110000
105    @ay q 000yy
106    @ar
200 1  @a2016全国卫生专业技术资格考试指导@A2016 Quan Guo Wei Sheng Zhuan Ye Ji Shu Zi Ge Kao Shi Zhi Dao@i口腔医学技术@f全国卫生专业技术资格考试用书编写专家委员会编写
210    @a北京@c人民卫生出版社@d2015
215    @a392页@d26cm
330    @a为贯彻国家两部委《关于加强卫生专业技术职务评聘工作的通知》等相关文件精神,自2001年起卫生专业初、中级技术资格以考代评工作正式开展。按照文件要求,初、中级卫生专业技术资格考试工作实行全国统一组织、统一考试时间、统一考试大纲、统一考试命题、统一合格标准的考试制度。为了帮助广大考生做好考前复习工作,卫生部特组织国内有关专家、教授编写了《卫生专业技术资格考试指导》。本套书根据最新考试大纲中的具体要求,参考国内外权威著作,将考试大纲中的各知识点与学科的系统性结合起来,以便于考生理解、记忆。内容全面,指导性强,是全国卫生专业技术资格考试专家委员会的推荐用书。
333    @a适用专业口腔医学技术(士、师、中级)
517 1  @a全国卫生专业技术资格考试指导@AQuan Guo Wei Sheng Zhuan Ye Ji Shu Zi Ge Kao Shi Zhi Dao
517 1  @a口腔医学技术@AKou Qiang Yi Xue Ji Shu
606 0  @a医学@AYi Xue@x医药卫生人员@x资格考试@j自学参考资料
606 0  @a口腔科学@AKou Qiang Ke Xue@x医药卫生人员@x资格考试@j自学参考资料
690    @aR-42@v5
690    @aR78@v5
711 02 @a全国卫生专业技术资格考试用书编写专家委员会@AQuan Guo Wei Sheng Zhuan Ye Ji Shu Zi Ge Kao Shi Yong Shu Bian Xie Zhuan Jia Wei Yuan Hui@4编写
801  0 @aCN@b江苏新华@c20150511
905    @aBZT@dR-42@e5
    
    2016全国卫生专业技术资格考试指导.口腔医学技术/全国卫生专业技术资格考试用书编写专家委员会编写.-北京:人民卫生出版社,2015
    392页;26cm
    使用对象:适用专业口腔医学技术(士、师、中级)
    
    ISBN 978-7-117-21411-7:CNY90.00
    为贯彻国家两部委《关于加强卫生专业技术职务评聘工作的通知》等相关文件精神,自2001年起卫生专业初、中级技术资格以考代评工作正式开展。按照文件要求,初、中级卫生专业技术资格考试工作实行全国统一组织、统一考试时间、统一考试大纲、统一考试命题、统一合格标准的考试制度。为了帮助广大考生做好考前复习工作,卫生部特组织国内有关专家、教授编写了《卫生专业技术资格考试指导》。本套书根据最新考试大纲中的具体要求,参考国内外权威著作,将考试大纲中的各知识点与学科的系统性结合起来,以便于考生理解、记忆。内容全面,指导性强,是全国卫生专业技术资格考试专家委员会的推荐用书。
●
相关链接 在五车中查询图书 在当当中查询图书 在豆瓣中查询图书


正题名:2016全国卫生专业技术资格考试指导     索取号:R-42/5         预约/预借

序号 登录号 条形码 馆藏地/架位号 状态 备注
1 799533   2000799533   第二书库/ [索取号:R-42/5] 在馆    
2 799534   2000799534   第二书库/ [索取号:R-42/5] 在馆    
3 799535   2000799535   第二书库/ [索取号:R-42/5] 在馆    
山东省滨州职业学院图书馆 欢迎您!
大连网信软件有限公司© 版权所有